| 000 | 00864cam a2200205 4500 | ||
|---|---|---|---|
| 001 | ABS60784 | ||
| 008 | 000000n1999 000 0 eng u | ||
| 035 | _a(Sirsi) u101278 | ||
| 100 | _aMurphy, G. | ||
| 245 | 2 | _aA block to a building sale. | |
| 260 | _c1999 | ||
| 490 |
_aEstates Gazette _v(9923) 12 June 1999, 133-135(2) |
||
| 520 | _aLooks at the problems caused for landlords by the failure of the Landlord and Tenant Act 1987 to define the term 'building'. Thus it can be difficult for a landlord selling his estate or interest in more than one building to know how to 'sever' the transaction. The case law on the subject also tends to confuse rather than clarify. | ||
| 650 | _aLANDLORD AND TENANT ACT 1987 | ||
| 650 | _aDEFINITIONS | ||
| 650 | _aBUILT ENVIRONMENT | ||
| 690 | _aPROPERTY-LANDLORD AND TENANT | ||
| 700 | _aDollar, P. | ||
| 942 | _n0 | ||
| 999 |
_c60431 _d60431 |
||